000 00828nam a2200229Ii 4500
003 JO-AjNU
008 230605s9999||||xx |||||||||||||| ||und||
017 _a2008/9/3298
020 _a978-9957-02-336-2
040 _aJO-AjNU
_bara
_erda
_cJO-AjNU
041 _aara
050 1 4 _aKMM74.4.A77.2009
100 3 _aإعداد عصام حسن عيد العقرباوي,
_eauthor
_951245
245 0 0 _aالمسؤولية المدنية لمساح الاراضي
250 _aط1
264 3 1 _aعمان : دار مجدلاوي، 2009
300 _a82ص
336 _atext
_btxt
_2rdacontent
337 _aunmediated
_bn
_2rdamedia
338 _avolume
_bnc
_2rdacarrier
650 4 _aالمسؤولية المدنية لمساحي الأراضي-- مسؤولية مدنية -- قوانين و أنظمة -- الأردن
_951246
999 _aA22623
_c26191
_d26191